Ballon D'Or Sudden death - Statistiken

Allgemein
  • Dieses Quiz wurde 737 mal gespielt
  • Das Durchschnittsergebnis liegt bei 8 aus 15
Answers on the Grid
Answers color-coded by a green-red scale on the quiz's grid according to % correct below.
Salah
Messi
Mbappe
Cannavaro
Kaka
Cafu
Baggio
Gullit
Schmeichel
Ronaldo Nazario
CR7
Platini
Best
Bale
Neuer
Maldini
Pele
Nedved
Figo
Henry
Cruyff
Matthäus
Raúl
Iniesta
Xavi
Rummenigge
Buffon
Suarez
Modric
 
Antwortstatistiken
Antwort % Korrekt
Messi
74%
CR7
72%
Modric
67%
Kaka
58%
Matthäus
55%
Ronaldo Nazario
55%
Cannavaro
51%
Cruyff
50%
Nedved
46%
Platini
46%
Figo
43%
Rummenigge
41%
Baggio
37%
Gullit
37%
Best
34%
Keine übereinstimmenden Quizze gefunden
Verteilung der Resultate
Anzahl Personen mit jedem Resultat
Perzentil nach korrekt beantworteten Fragen
Ihre Resultats-Entwicklung
Sie haben dieses Quiz noch nicht gespielt